[Event "Hessen-ch Seniors op 04th"]
[Site "Bad Sooden-Allendorf"]
[Date "2008.04.30"]
[Round "7"]
[White "Schmieder, Horst"]
[Black "Daebel, Hasso"]
[Result "1/2-1/2"]
[WhiteElo "1582"]
[BlackElo "1476"]
[PlyCount "106"]
[EventDate "2008.04.24"]
[EventType "swiss"]
[EventRounds "9"]
[EventCountry "GER"]
[SourceTitle "EXT 2022"]
[Source "ChessBase"]
[SourceDate "2021.10.06"]
[SourceVersion "1"]
[SourceVersionDate "2021.10.06"]
[SourceQuality "1"]

1. d4 d5 2. e3 Nf6 3. c4 e6 4. Nc3 c6 5. Nf3 Bb4 6. Bd2 Bxc3 7. Bxc3 0-0 8. Bd3 Ne4 9. 0-0 f5 10. Ne5 Nd7 11. f4 Rf6 12. Rf3 Nxe5 13. dxe5 Nxc3 14. bxc3 Rh6 15. Rh3 Rxh3 16. gxh3 Qh4 17. Qf3 Qh6 18. Kh1 Bd7 19. c5 Kh8 20. Rb1 Rb8 21. a4 b5 22. axb5 cxb5 23. Qg3 Bc6 24. Kg1 Qg6 25. Kf2 a5 26. Bc2 b4 27. cxb4 axb4 28. Ke1 Qf7 29. Bb3 Qa7 30. Qf2 Qxc5 31. Kd1 Bb5 32. Rc1 Bc4 33. Qc2 Rc8 34. Kd2 h6 35. h4 h5 36. Qb2 Qe7 37. h3 Qc5 38. Rc2 Qa5 39. Rc1 Qa3 40. Qxa3 bxa3 41. Bxc4 Rxc4 42. Ra1 Ra4 43. Kc3 a2 44. Kb3 Ra7 45. Rxa2 Rxa2 46. Kxa2 Kg8 47. Kb3 Kf7 48. Kb4 Ke7 49. Kc5 Kd7 50. Kb5 Kc7 51. Kc5 g6 52. Kb5 Kb7 53. Kc5 Kc7 1/2-1/2

[Event "Hessen-ch Seniors op 04th"]
[Site "Bad Sooden-Allendorf"]
[Date "2008.04.27"]
[Round "4"]
[White "Micheel, Peter"]
[Black "Schmieder, Horst"]
[Result "1-0"]
[WhiteElo "1749"]
[BlackElo "1582"]
[PlyCount "137"]
[EventDate "2008.04.24"]
[EventType "swiss"]
[EventRounds "9"]
[EventCountry "GER"]
[SourceTitle "EXT 2022"]
[Source "ChessBase"]
[SourceDate "2021.10.06"]
[SourceVersion "1"]
[SourceVersionDate "2021.10.06"]
[SourceQuality "1"]

1. e4 e5 2. Nf3 Nc6 3. Bb5 Nge7 4. d4 exd4 5. Nxd4 Nxd4 6. Qxd4 c6 7. Bd3 Ng6 8. Nc3 d6 9. 0-0 Ne5 10. Be2 Qf6 11. Qe3 Be7 12. f4 Ng6 13. Qg3 Qh4 14. Be3 Qxg3 15. hxg3 b6 16. Rad1 Bd7 17. Rd2 0-0-0 18. Rfd1 h5 19. Bc4 Rhf8 20. Bd4 f6 21. Bd3 Bg4 22. Be2 Kc7 23. Bxg4 hxg4 24. Ne2 Rd7 25. f5 Ne5 26. Nf4 Rg8 27. Bxe5 fxe5 28. Ng6 Bf6 29. c4 Rgd8 30. Kf2 a5 31. b3 c5 32. a4 Kc6 33. Rh1 Kc7 34. Rdd1 Rg8 35. Rh5 Rdd8 36. Rdh1 Kd7 37. Ke3 Rde8 38. R1h4 Bxh4 39. gxh4 Rd8 40. Rg5 Ke8 41. Rxg4 Kf7 42. Rg5 Kf6 43. Rg3 Kf7 44. Rh3 Kf6 45. Rh1 Kf7 46. g4 Kf6 47. g5+ Kf7 48. h5 Rd7 49. Rd1 Rgd8 50. Rf1 Kg8 51. Rh1 Kf7 52. h6 gxh6 53. Rxh6 Rg8 54. Kf3 Rdd8 55. Kg4 Rg7 56. Nh4 Kg8 57. g6 Kf8 58. Kg5 Rdd7 59. f6 Rg8 60. g7+ Rdxg7+ 61. fxg7+ Rxg7+ 62. Kf6 Kg8 63. Rg6 Rxg6+ 64. Nxg6 Kh7 65. Nxe5 dxe5 66. Kxe5 Kg7 67. Ke6 Kf8 68. Kd7 Kf7 69. e5 1-0

[Event "Hessen-ch Seniors op 04th"]
[Site "Bad Sooden-Allendorf"]
[Date "2008.04.24"]
[Round "1"]
[White "Schmieder, Horst"]
[Black "Hobusch, Werner"]
[Result "0-1"]
[WhiteElo "1582"]
[BlackElo "2054"]
[PlyCount "66"]
[EventDate "2008.04.24"]
[EventType "swiss"]
[EventRounds "9"]
[EventCountry "GER"]
[SourceTitle "EXT 2022"]
[Source "ChessBase"]
[SourceDate "2021.10.06"]
[SourceVersion "1"]
[SourceVersionDate "2021.10.06"]
[SourceQuality "1"]

1. d4 f5 2. Nf3 Nf6 3. Bg5 e6 4. c4 Be7 5. Nc3 0-0 6. e3 b6 7. g3 Bb7 8. Bg2 d6 9. 0-0 Nbd7 10. Qc2 Qe8 11. Qe2 Qh5 12. Nh4 Bxg2 13. Qxh5 Nxh5 14. Bxe7 Bxf1 15. Bxf8 Bxc4 16. b3 Ba6 17. Be7 Kf7 18. Nxf5 exf5 19. Bh4 h6 20. g4 fxg4 21. Nd5 Rc8 22. Bg3 Ndf6 23. Nxf6 Kxf6 24. b4 Nxg3 25. fxg3 c5 26. bxc5 bxc5 27. Kf2 cxd4 28. exd4 Rc2+ 29. Ke3 g5 30. Re1 Rxh2 31. a4 Ke6 32. a5 Kd5 33. Re2 Rxe2# 0-1

[Event "EU-ch Seniors 06th"]
[Site "Davos"]
[Date "2006.08.12"]
[Round "8"]
[White "Haug, Kjell Martin"]
[Black "Schmieder, Horst"]
[Result "1/2-1/2"]
[WhiteElo "1975"]
[BlackElo "1777"]
[PlyCount "98"]
[EventDate "2006.08.05"]
[EventType "swiss"]
[EventRounds "9"]
[EventCountry "SUI"]
[SourceTitle "CBM 113 Extra"]
[Source "ChessBase"]
[SourceDate "2006.09.14"]
[SourceVersion "1"]
[SourceVersionDate "2006.09.14"]
[SourceQuality "1"]

1. c4 c5 2. Nc3 Nc6 3. Nf3 Nf6 4. g3 e6 5. e4 d6 6. Bg2 Be7 7. 0-0 0-0 8. b3 e5 9. d3 Bg4 10. h3 Bxf3 11. Qxf3 Nd4 12. Qd1 a6 13. f4 h6 14. fxe5 dxe5 15. Nd5 Nh7 16. Nxe7+ Qxe7 17. Be3 Rad8 18. Rf2 Ng5 19. Qf1 Rd6 20. Rd1 b6 21. Kh2 f6 22. h4 Nh7 23. Bh3 g5 24. h5 Rfd8 25. Bc1 b5 26. Bb2 b4 27. Bg4 a5 28. Rdd2 Nf8 29. Bxd4 cxd4 30. Qh3 Ne6 31. Rf1 Ng7 32. Rdf2 Rf8 33. Rc1 Rc6 34. Qf1 Qe8 35. Qh3 Qe7 36. Qf1 Qe8 37. Qe2 Qe7 38. Bf5 Nxf5 39. exf5 Re8 40. Qe4 Rc5 41. Re1 Kg7 42. Rfe2 Kf7 43. g4 Qd7 44. Qg2 Qc6 45. Re4 Qd7 46. Qb2 Ra8 47. Qg2 Re8 48. Ra1 Qc7 49. Qd2 Qb6 1/2-1/2

[Event "Hessen-ch Seniors"]
[Site "Marburg"]
[Date "2006.04.14"]
[Round "8.8"]
[White "Schmieder, Horst"]
[Black "Boehm, Siegfried"]
[Result "0-1"]
[WhiteElo "1777"]
[BlackElo "2149"]
[PlyCount "78"]
[EventDate "2006.04.08"]
[EventType "swiss"]
[EventRounds "9"]
[EventCountry "GER"]
[SourceTitle "EXT 2007"]
[Source "ChessBase"]
[SourceDate "2006.11.23"]
[SourceVersion "1"]
[SourceVersionDate "2006.11.23"]
[SourceQuality "1"]

1. d4 d5 2. Nf3 g6 3. e3 Bg7 4. c4 c6 5. Nc3 Nf6 6. Be2 0-0 7. 0-0 Nbd7 8. Ne5 e6 9. f4 b6 10. b3 Qc7 11. Ba3 Rd8 12. Qc2 Bb7 13. Rac1 dxc4 14. bxc4 c5 15. Nb5 Qb8 16. Bf3 Bxf3 17. Rxf3 Rc8 18. Bb2 a6 19. Na3 Qb7 20. Ba1 b5 21. Qd3 b4 22. Rb1 Rd8 23. Nc2 a5 24. a3 Qe4 25. Qd1 Rab8 26. axb4 axb4 27. Rb3 Ne8 28. Nxd7 Rxd7 29. f5 e5 30. d5 Qxc4 31. Nxb4 Rxb4 32. Rxb4 cxb4 33. fxg6 hxg6 34. Qa4 Qxd5 35. Qxb4 Qd6 36. Qb1 Nf6 37. Rf1 Ng4 38. Qe1 e4 39. Bxg7 Qxh2# 0-1

[Event "GER-chA Seniors 16th"]
[Site "Templin"]
[Date "2004.09.11"]
[Round "8"]
[White "Graffenberger, Wilhelm"]
[Black "Schmieder, Horst"]
[Result "0-1"]
[WhiteElo "1559"]
[BlackElo "1563"]
[PlyCount "106"]
[EventDate "2004.09.04"]
[EventType "swiss"]
[EventRounds "9"]
[EventCountry "GER"]
[SourceTitle "EXT 2005"]
[Source "ChessBase"]
[SourceDate "2004.11.15"]
[SourceVersion "1"]
[SourceVersionDate "2004.11.15"]
[SourceQuality "1"]

1. e4 c5 2. Nf3 Nc6 3. d4 cxd4 4. Nxd4 e5 5. Nxc6 bxc6 6. Bc4 Nf6 7. Nc3 Be7 8. 0-0 0-0 9. Be3 d6 10. f4 Ng4 11. Qe2 Nxe3 12. Qxe3 exf4 13. Qxf4 Qb6+ 14. Kh1 Be6 15. Bb3 a5 16. Na4 Qa7 17. c4 Rad8 18. Rad1 c5 19. Nc3 Qb7 20. Rf2 h6 21. Nd5 Bg5 22. Qg3 Be7 23. Rdf1 Bxd5 24. exd5 Rd7 25. Bc2 Bd8 26. Bf5 Re7 27. Qxd6 Qc7 28. Qxc7 Bxc7 29. b3 Bd6 30. Be6 Rc7 31. Rf3 fxe6 32. dxe6 Rxf3 33. Rxf3 Re7 34. Re3 g5 35. g4 Kg7 36. h3 Kf6 37. Kg2 Rxe6 38. Rxe6+ Kxe6 39. Kf3 Ke5 40. Ke3 Be7 41. a3 Bd6 42. a4 Bc7 43. Kf3 Kd4 44. Ke2 Kc3 45. Ke3 Kxb3 46. Ke4 Kxc4 47. Kf5 Kd3 48. Kg6 c4 49. Kxh6 Bf4 50. Kh5 c3 51. h4 gxh4 52. Kxh4 c2 53. g5 c1Q 0-1